| 000 | 00672nam a2200241 i 4500 | ||
|---|---|---|---|
| 001 | 82100 | ||
| 003 | ES-MaACL | ||
| 005 | 20250830220940.0 | ||
| 007 | t| | ||
| 008 | 041122s1997 sp ||||1| spa d | ||
| 020 | _a84-339-2505-9 | ||
| 080 | _a930.85(73)"1945/..." | ||
| 100 | 1 |
_aBaudrillard, Jean. _926534 |
|
| 245 | 1 | 0 |
_aAmérica / _cJean Baudrillard. |
| 250 | _a3ª ed. | ||
| 260 |
_aBarcelona : _bAnagrama, _c1997. |
||
| 300 |
_a169 p. ; _c20 cm. |
||
| 490 | 1 |
_aCrónicas Anagrama ; _v5 |
|
| 651 | 0 | 4 |
_aEstados Unidos- _xCivilización _98535 |
| 830 | 0 |
_aCrónicas Anagrama ; _v5 _9180220 |
|
| 852 |
_aES-MaACL _jL-28526 _bR.134222 |
||
| 999 |
_c82100 _d82100 |
||